000 00736cam a22002653a 4500
001 4650
003 PGUSA
005 20140828083103.0
008 031101s2003||||xxu|||||s|||||000 1 eng d
040 _aPGUSA
_beng
042 _adc
050 4 _aPQ
100 1 _aVoltaire,
_d1694-1778
245 1 0 _aCandide :
_bRomans — Volume 4
_h[electronic resource] /
_cVoltaire
260 _bProject Gutenberg,
_c2003
506 _aPublic domain in the USA.
516 _aElectronic text
653 _aPolitical fiction, French
653 _aSatire
653 _aFrench literature -- 18th century
653 _aOptimism -- Fiction
830 0 _aProject Gutenberg
_v4650
856 4 0 _uhttp://www.gutenberg.org/ebooks/4650
942 _cEB
999 _c233979
_d233979